| 000 | 01399cam a22002655a 4500 | ||
|---|---|---|---|
| 999 |
_c115074 _d115074 |
||
| 001 | L158009 | ||
| 008 | 131105s2013 xxk f 000 0 eng d | ||
| 020 | _a978178320299 | ||
| 035 | _a(Sirsi) u158009 | ||
| 041 | 0 | _aeng | |
| 110 | 2 | _aRoyal Institution of Chartered Surveyors | |
| 245 | 0 | 0 |
_aSustainability and commercial property valuation _bRICS Professional Guidance, Global _h[electronic resource] |
| 250 | _a2nd | ||
| 260 |
_aCoventry _bRICS _c2013 |
||
| 520 | _aPart 1 introduces sustainability issues to the valuer. Part 2 highlights the role of the valuer. Part 3 assesses a building's sustainability characteristics including environmental, design and configuration, construction materials and services, location and accessibility, planning and social issues. Part 4 focuses on reflecting sustainability characteristics in market value, fair value, market value and investment values. Effective from October 2013. | ||
| 520 | _aSupersedes E148364 RICS Valuation and Information Paper 13 Sustainability and commercial property valuation. | ||
| 590 | _aKA | ||
| 650 | _aClimate change | ||
| 650 | _aSustainability | ||
| 650 | _aValue the planet | ||
| 651 | 4 | _aInternational | |
| 690 |
_aValuation _96273 |
||
| 856 | 4 | 0 |
_uhttps://www.rics.org/Global/Sustainability_and_commercial_property_valuation_2nd_edition_PGguidance_2013.pdf _zView the item at rics.org |
| 942 | _n0 | ||